Η τεχνη

Αποθηκεύτηκε σε:
Λεπτομέρειες βιβλιογραφικής εγγραφής
Κύριος συγγραφέας: Rodin, Auguste, 1840-1917
Άλλοι συγγραφείς: Gsell, Paul, 1870-1947, Rilke, Rainer Maria, 1875-1926
Μορφή: Βιβλίο
Γλώσσα:Greek
French
Δημοσίευση: Αθήνα : Printa, c2006.
Έκδοση:3η έκδ.
Σειρά:Στις πηγές της γνώσης
Θέματα:
Ετικέτες: Προσθήκη ετικέτας
Δεν υπάρχουν, Καταχωρήστε ετικέτα πρώτοι!

MARC

LEADER 00000cam a2200000 a 4500
001 1/110681
008 160427s2006####gr | ||| |||| ||gre||
020 |a 9606624056 
040 |a GR-MyUa  |b gre  |c GR-MyUa  |e AACR2 
041 1 |a gre  |h fre 
082 7 |a 700.1   |2 (23) 
100 1 |a Rodin, Auguste,   |d 1840-1917. 
245 1 2 |a Η τεχνη /   |c Auguste Rodin ; μετάφραση Aline Karolczak, Γιώργος Αραμπατζής ; επιμέλεια Αθανάσιος Τσικουδής ; επίμετρο R. M. Rilke.  
250 |a 3η έκδ.  
260 |a Αθήνα :   |b Printa,   |c c2006.  
300 |a 364 σ. :   |b εικ. ;   |c 21 εκ.  
490 1 |a (Στις πηγές της γνώσης)  
500 |a Τίτλος πρωτοτύπου: L' art : entretiens reunis par Paul Gsell.  
505 8 |a Επίμετρο: Κείμενα για τον Ροντέν / R.M. Rilke ; μετάφραση Ανίτα Συριοπούλου.  
650 0 |a Art. 
650 0 |a Sculpture. 
700 1 |a Gsell, Paul,   |d 1870-1947. 
700 1 |a Rilke, Rainer Maria,   |d 1875-1926.   |t Auguste Rodin. 
830 0 |a Στις πηγές της γνώσης 
852 |a INST  |b SYROS  |c EUDOXUS  |e 20160427  |h 700.1 ROD  |p 005500011637  |q 005500011637  |t EDX  |y 0 
920 |a Εύδοξος  |b Παραγγελία  |y Σύρος-ΤΜΣΠΣ  |z 2016-04 
970 |a Κοντού  |b Παρασκευή  |z 27/04/2016